|
|
|
|
| LEADER |
00000cgm a2200000 a 4500 |
| 001 |
030895 |
| 003 |
UAHC_CL |
| 005 |
20170803123253.0 |
| 008 |
130308b xx j 000 1 eng |
| 040 |
|
|
|a UAHC_CL
|c UAHC_CL
|d UAHC_CL
|
| 100 |
1 |
|
|a Waltz, Sasha
|e dir.
|
| 245 |
1 |
0 |
|a Körper :
|b S : noBody /
|c Sasha Waltz.
|
| 246 |
2 |
|
|a noBody
|
| 246 |
2 |
|
|a S
|
| 260 |
|
|
|b Arthaus Musik
|a Alemania
|c 2011
|
| 300 |
|
|
|a 3 audiodiscos, 1 facsím.
|
| 490 |
0 |
|
|a Dance
|
| 505 |
0 |
|
|a v.1. Körper -- v.2. S -- v3. noBody.
|
| 650 |
|
4 |
|a DANZA
|
| 653 |
|
|
|a DANZA
|
| 900 |
|
|
|a DVD-615
|
| 942 |
|
|
|c VHS
|
| 952 |
|
|
|0 0
|1 0
|4 0
|6 DVD_615
|7 0
|8 Referencia
|9 60299
|a BS
|b BS
|c Referencia
|d 2017-08-03
|l 4
|m 3
|o DVD-615
|p 1410157
|r 2023-10-04 00:00:00
|s 2023-09-25
|t 1
|w 2017-08-03
|y DVD
|
| 952 |
|
|
|0 0
|1 0
|4 0
|6 DVD_615
|7 0
|8 Referencia
|9 60300
|a BS
|b BS
|c Referencia
|d 2017-08-03
|l 3
|m 2
|o DVD-615
|p 1410125
|r 2023-10-04 00:00:00
|s 2023-09-25
|t 1
|w 2017-08-03
|y DVD
|
| 952 |
|
|
|0 0
|1 0
|4 0
|6 DVD_615
|7 0
|8 Referencia
|9 60301
|a BS
|b BS
|c Referencia
|d 2017-08-03
|l 3
|m 2
|o DVD-615
|p 1410156
|r 2023-10-04 00:00:00
|s 2023-09-25
|t 1
|w 2017-08-03
|y DVD
|
| 999 |
|
|
|c 30895
|d 30895
|